ऋगवेद-संहिता : (Record no. 122244)
[ view plain ]
| 000 -LEADER | |
|---|---|
| fixed length control field | 01028nam a22002537a 4500 |
| 010 ## - LIBRARY OF CONGRESS CONTROL NUMBER | |
| LC control number | B-082152 |
| 020 ## - INTERNATIONAL STANDARD BOOK NUMBER | |
| Terms of availability | 140.00 |
| 035 ## - SYSTEM CONTROL NUMBER | |
| System control number | B-082152 |
| 037 ## - SOURCE OF ACQUISITION | |
| Stock number | Cen Lib / Ret |
| 040 ## - CATALOGING SOURCE | |
| Original cataloging agency | DPL |
| Language of cataloging | HN |
| 082 ## - DEWEY DECIMAL CLASSIFICATION NUMBER | |
| Classification number | 220.21 |
| Item number | ऋग्वेद |
| 245 ## - TITLE STATEMENT | |
| Title | ऋगवेद-संहिता : |
| Remainder of title | सम्पादक श्रीराम शर्मा |
| Statement of responsibility, etc | सरल हिन्दी भावार्थ सहित / |
| 246 ## - VARYING FORM OF TITLE | |
| Title proper/short title | Rigved sanhita / |
| Remainder of title | by Saynacharya ; edited by Mannokshmulakbhatt |
| 260 ## - PUBLICATION, DISTRIBUTION, ETC. (IMPRINT) | |
| Place of publication, distribution, etc | उत्तरांचल |
| Name of publisher, distributor, etc | ब्रहवर्चस् |
| Date of publication, distribution, etc | 2004 |
| 270 ## - ADDRESS | |
| City | उत्तरांचल |
| Address | शान्तिकुञ्ज, हरिद्वार |
| 300 ## - PHYSICAL DESCRIPTION | |
| Extent | v 2. 428p. ; v 3. 364p |
| Other physical details | 22cm. |
| 500 ## - GENERAL NOTE | |
| General note | v 2. मण्डल 3,4,5,6 ;v 3. मण्डल 7-8 ; |
| 650 ## - SUBJECT ADDED ENTRY--TOPICAL TERM | |
| Topical term or geographic name as entry element | ऋगवेद |
| 650 ## - SUBJECT ADDED ENTRY--TOPICAL TERM | |
| Topical term or geographic name as entry element | वेद |
| 650 ## - SUBJECT ADDED ENTRY--TOPICAL TERM | |
| Topical term or geographic name as entry element | Rigveda |
| 650 ## - SUBJECT ADDED ENTRY--TOPICAL TERM | |
| Topical term or geographic name as entry element | Veda |
| 700 ## - ADDED ENTRY--PERSONAL NAME | |
| Personal name | शर्मा, श्रीराम |
| 942 ## - ADDED ENTRY ELEMENTS (KOHA) | |
| Source of classification or shelving scheme | Dewey Decimal Classification |
| Koha item type | Hindi Books |
| Classification part | 220.21 |
| Call number suffix | ऋग्वेद |
| Withdrawn status | Lost status | Materials specified (bound volume or other part) | Damaged status | Not for loan | Collection code | Home library | Current library | Date acquired | Source of acquisition | Cost, normal purchase price | Total Checkouts | Full call number | Barcode | Date last seen | Cost, replacement price | Price effective from | Koha item type |
|---|---|---|---|---|---|---|---|---|---|---|---|---|---|---|---|---|---|
| v.3 | Not For Loan | Reference | Central Library | Central Library | 10/03/2016 | Cen Lib/Ret | 140.00 | 220.21 ऋग्वेद | B-082152 | 10/03/2016 | 140.00 | 10/03/2016 | Hindi Books | ||||
| v.2 | Not For Loan | Reference | Central Library | Central Library | 10/03/2016 | Cen Lib/Ret | 140.00 | 220.21 ऋग्वेद | B-082151 | 10/03/2016 | 140.00 | 10/03/2016 | Hindi Books |
